[Event "3rd Manaus Open 2024"]
[Site "Manaus"]
[Date "2024.10.14"]
[Round "4.3"]
[White "Di Berardino, Diego Rafael"]
[Black "Matsuura, Everaldo"]
[Result "1/2-1/2"]
[WhiteElo "2479"]
[BlackElo "2357"]
[Annotator "TA"]
[PlyCount "65"]
[EventDate "2024.10.05"]
[EventType "swiss"]
[EventCountry "BRA"]
[SourceTitle "playchess.com"]
[Source "ChessBase"]
[SourceQuality "1"]
[TimeControl "5400+30"]

{[%evp 19,65,-7,-10,-47,-45,-37,-25,-49,0,0,0,0,0,0,19,6,0,15,10,-36,128,131,102,120,91,6,31,-73,-20,-46,-50,-55,0,0,0,0,0,0,0,0,0,0,0,0,0,0,0,0]} 1. d4 {[%emt 0:00:16]} d5 {[%emt 0:01:20]} 2. c4 {[%emt 0:00:09]} c6 {[%emt 0:00:12]} 3. Nf3 {[%emt 0:00:52]} Nf6 {[%emt 0:01:47]} 4. Nc3 {[%emt 0:00:33]} e6 {[%emt 0:00:19]} 5. Bg5 {[%emt 0:00:45][%cal Bc1g5,Bg5h4,Bh4g3][%mdl 32]} h6 {[%emt 0:01:26]} 6. Bh4 {[%emt 0:00:18]} dxc4 {[%emt 0:00:45]} 7. e4 {[%emt 0:00:11]} g5 {[%emt 0:00:36]} 8. Bg3 {[%emt 0:00:06]} b5 {[%emt 0:00:15]} 9. Be2 {[%emt 0:00:09]} Bb7 {[%emt 0:00:22]} 10. O-O {[%emt 0:00:38]} Nbd7 {[%emt 0:00:37]} 11. Nd2 {[%emt 0:00:49]} h5 {[%emt 0:02:47][%cal Bh6h5,Bh5h4][%mdl 32] ...h4 is the strong threat.} 12. h3 {[%emt 0:00:09]} Qb6 {[%emt 0:02:26]} 13. a4 {[%emt 0:21:41] Black has an edge.} a6 {[%emt 1:24:08]} (13... g4 $1 $15 {should be considered.}) 14. e5 $1 $11 {[%emt 0:03:40]} h4 {[%emt 0:00:00]} 15. Bh2 {[%emt 0:02:15]} Nd5 {[%emt 0:00:00]} 16. Nde4 {[%emt 0:02:35]} Be7 {[%emt 0:00:00]} 17. Bh5 {[%emt 0:20:03]} Nf4 $36 {[%emt 0:00:00][%mdl 2048] Black is pushing.} 18. Bxf4 {[%emt 0:04:11]} gxf4 {[%emt 0:00:00]} 19. Qg4 {[%emt 0:12:05]} (19. Re1 $11 O-O-O 20. Nd6+ (20. Bxf7 $2 Nxe5 $17) 20... Bxd6 21. exd6) 19... Kf8 $2 {[%emt 0:00:00]} (19... Qxd4 $2 20. Bxf7+ Kxf7 21. Qxf4+ Kg7 22. Rad1 Qxe5 23. Qg4+ Kf8 24. Rxd7 $18) (19... c5 $1 $15 {stays ahead.} 20. Nd6+ Bxd6 21. Qxe6+ Kd8 22. Qxf7 Rf8) 20. Rfe1 $1 $16 {[%emt 0:07:31][%cal Oh5f7] Black must now prevent Bxf7!} Rh7 {[%emt 0:00:00] [#]} (20... Qxd4 $2 21. Rad1 Qxe5 22. Bxf7 $18 (22. Rxd7 Rxh5 23. Rxb7 Rf5 $18)) 21. Bxf7 $1 {[%emt 0:12:02][%mdl 512] White is much more active.} Rxf7 {[%emt 0:00:00] [#]} 22. Qxe6 {[%emt 0:00:09]} ({Better is} 22. Ne2 $1 $16 {[%cal Re2f4]} c5 23. Nxf4 Rxf4 (23... cxd4 24. Nxe6+ Ke8 25. Qg8+ Rf8 26. Qg6+ Rf7 27. Nd6+ Bxd6 28. exd6 $18) 24. Qxf4+ Ke8 25. Nd6+ Kd8 26. Nxb7+ Qxb7 27. Red1 cxd4 28. Qxd4) 22... c5 $1 $11 {[%emt 0:00:00]} (22... Qxd4 $2 {is the wrong capture.} 23. Nd6 (23. Rad1 Qxe5 24. Qxd7 Rb8 $17) 23... Bxd6 24. Rad1 Bxe5 25. Rxd4 Bxd4 26. Qd6+ Kg8 27. Qxd4 $18) 23. Nd6 {[%emt 0:04:54]} (23. Qxd7 $14 {keeps the upper hand.} cxd4 24. Nd5) 23... Bxd6 $17 {[%emt 0:00:00]} 24. Qh6+ $1 {[%emt 0:01:46]} Kg8 {[%emt 0:00:00]} 25. exd6 {[%emt 0:00:02]} cxd4 {[%emt 0:00:00]} (25... Raf8 $15 26. d5 Qd8 27. axb5 axb5) 26. Nd5 $11 {[%emt 0:03:53] Dancing on a razor blade. The position is equal.} Bxd5 {[%emt 0:03:15]} 27. Qg5+ {[%emt 0:00:03]} Kh8 {[%emt 0:01:09]} 28. Qxd5 {[%emt 0:00:17]} Raf8 {[%emt 0:00:17] And now ...Qc5 would win.} 29. Re8 $1 {[%emt 0:02:17]} Kg8 {[%emt 0:02:38]} 30. Qg5+ $1 {[%emt 0:00:32]} Rg7 {[%emt 0:00:08]} 31. Qd5+ {[%emt 0:00:06]} Rgf7 $1 {[%emt 0:00:17]} 32. Qg5+ $1 {[%emt 0:00:16]} Rg7 {[%emt 0:00:06]} 33. Qd5+ {[%emt 0:00:09] Weighted Error Value: White=0.11 (very precise) /Black=0.19 (very precise) .  Mistake:       	White=3     	Black=3      OK:         	White=7     	Black=7      Best:        	White=3     	Black=5      Strong:       	White=6     	Black=2      Brilliant:      	White=1     	---} 1/2-1/2

[Event "3rd Manaus Open 2024"]
[Site "Manaus"]
[Date "2024.10.14"]
[Round "4.4"]
[White "Flom, Gabriel"]
[Black "Hoffman, Alejandro"]
[Result "1/2-1/2"]
[WhiteElo "2460"]
[BlackElo "2356"]
[Annotator "TA"]
[PlyCount "93"]
[EventDate "2024.10.05"]
[EventType "swiss"]
[EventCountry "BRA"]
[SourceTitle "playchess.com"]
[Source "ChessBase"]
[SourceQuality "1"]
[TimeControl "5400+30"]

{[%evp 21,93,43,68,59,60,63,105,82,84,90,100,97,105,91,92,95,103,98,110,88,102,70,107,22,24,26,75,9,19,10,26,13,26,13,26,0,13,0,26,0,0,0,0,0,0,0,0,0,0,0,0,0,0,0,0,0,0,0,0,0,0,0,0,0,0,0,0,0,0,0,0,0,0,0]} 1. d4 {[%emt 0:00:02]} d5 {[%emt 0:00:22]} 2. c4 {[%emt 0:00:08]} e6 {[%emt 0:00:09]} 3. Nc3 {[%emt 0:00:07]} Nf6 {[%emt 0:02:04]} 4. cxd5 {[%emt 0:00:03]} exd5 {[%emt 0:00:06]} 5. Bg5 {[%emt 0:00:04]} Be7 {[%emt 0:06:02]} 6. e3 {[%emt 0:00:05]} O-O {[%emt 0:00:24]} 7. Bd3 {[%emt 0:00:56]} c6 {[%emt 0:00:27]} 8. Qc2 {[%emt 0:01:17]} Nbd7 {[%emt 0:00:08]} 9. Nf3 {[%emt 0:00:21]} Re8 {[%emt 0:00:09]} 10. O-O {[%emt 0:00:06]} g6 {[%emt 0:01:08]} 11. Rab1 {[%emt 0:11:42]} Nh5 {[%emt 0:07:44]} 12. Bxe7 {[%emt 0:00:19] D36: Damegambiet Geweigerd: Ruilvariant: Hoofdvariant (5 Lg5 c6 6 Dc2).} Qxe7 {[%emt 0:00:19]} 13. b4 {[%emt 0:00:02][%cal Bb2b4,Bb4b5][%mdl 32] EV=17.15. Goes to b6 (dbg))} Nb6 {[%emt 0:04:10] Onnauwkeurig} 14. b5 {[%emt 1:22:18] Wit staat beter.} c5 {[%emt 0:04:04] OK} 15. dxc5 {[%emt 0:00:00] Wit is actiever. OK} Qxc5 {[%emt 0:00:08]} 16. Rbc1 $146 {[%emt 0:00:00]} ({Predecessor:} 16. Ne2 Qxc2 17. Bxc2 Bg4 18. Rfd1 Rac8 19. Bb3 Rc5 20. Ned4 Rec8 21. h3 Bxf3 22. gxf3 {½-½ Faybish,N-Duric,S (2190) BEL-ch Class A 1996 (3)}) 16... Bg4 {[%emt 0:04:50]} 17. Nd4 {[%emt 0:00:00] OK} Rac8 {[%emt 0:01:12][%cal Oh5f4] OK} 18. h3 {[%emt 0:00:00] OK} Bd7 {[%emt 0:00:39] OK} 19. Qb3 {[%emt 0:00:00] OK} Qd6 {[%emt 0:01:34][%cal Od7h3]} 20. Rfe1 {[%emt 0:00:00]} Ng7 {[%emt 0:12:23]} 21. a4 {[%emt 0:00:00] Onnauwkeurig} Ne6 {[%emt 0:00:50] Beste (Gemakkelijk)} 22. Nxe6 {[%emt 0:00:00] Fout (0.8)} (22. Nf3 $16) 22... Bxe6 $11 {[%emt 0:00:24]} 23. Qb2 {[%emt 0:00:00] OK} Nc4 {[%emt 0:08:03] OK} {Wit kan overwegen.} 24. Bxc4 {[%emt 0:00:00] Fout (0.7)} (24. Qa1 $16) 24... Rxc4 {[%emt 0:00:08]} 25. Qa1 {[%emt 0:00:00]} Qb4 {[%emt 0:08:13] OK} 26. Ne2 {[%emt 0:00:00] OK} Qxa4 {[%emt 0:01:26]} 27. Rxc4 {[%emt 0:00:00] Beste} Qxc4 {[%emt 0:00:25]} (27... Qxa1 $5 {vereenvoudigt} 28. Rxa1 dxc4 29. Rxa7 Rb8) 28. Nd4 {[%emt 0:00:00][%cal Oe1c1] [#] Rc1! zou dodelijk zijn.} Qc5 {[%emt 0:02:39] OK} 29. Rc1 {[%emt 0:00:00] OK} Qb6 {[%emt 0:00:30] OK} 30. Nxe6 {[%emt 0:00:00] Onnauwkeurig} fxe6 {[%emt 0:01:39][%mdl 4096] Eindspel. KQR-KQR. De stelling is in evenwicht.} 31. Qe5 {[%emt 0:00:00] met als doel voor Rc7. OK} Qd8 {[%emt 0:04:56] OK} 32. Rc7 {[%emt 0:00:00]} Re7 {[%emt 0:00:09] Stopt Qg7+. OK} 33. Rxe7 {[%emt 0:00:00]} Qxe7 {[%emt 0:00:09] KQ-KQ} 34. Qb8+ {[%emt 0:00:00] OK} Kf7 {[%emt 0:03:08] OK} 35. Qxa7 {[%emt 0:00:00] OK} Qd7 {[%emt 0:03:21]} 36. Qc5 {[%emt 0:00:00] OK} e5 {[%emt 0:00:51] OK} 37. Kf1 {[%emt 0:00:00]} Ke6 {[%emt 0:11:05] OK} 38. Qb6+ {[%emt 0:00:00]} Kf5 {[%emt 0:00:21] OK} 39. g4+ {[%emt 0:00:00]} Kg5 {[%emt 0:00:27] OK} 40. Kg2 {[%emt 0:00:00]} h5 {[%emt 0:01:51][%cal Rh5g4] OK} 41. f4+ {[%emt 0:00:00]} exf4 {[%emt 0:12:23] Beste (Gemakkelijk)} 42. exf4+ {[%emt 0:00:00]} Kxf4 {[%emt 0:00:00][%cal Rh5g4]} 43. Qd4+ {[%emt 0:00:00] OK} (43. Qxg6 hxg4 (43... Qxb5 44. Qf5+ Ke3 45. Qf2+ Ke4 46. gxh5 $16) 44. Qh6+ Ke4) 43... Kg5 {[%emt 0:00:00][%cal Rh5g4]} 44. Qe5+ {[%emt 0:00:00] OK} Kh6 {[%emt 0:00:00][%cal Rh5g4] Beste (Gemakkelijk)} 45. g5+ {[%emt 0:00:00]} Kh7 {[%emt 0:00:00][%cal Ob7b6]} 46. b6 {[%emt 0:00:00] OK} Qf7 {[%emt 0:00:00] OK} 47. Qc7 {[%emt 0:00:00] Blunder waarde: Wit=0.12 (erg precies) /Zwart=0.05 (foutloos) .  Fout:        	Wit=2      	---        Onnauwkeurig:    	Wit=2      	Zwart=1      OK:         	Wit=14     	Zwart=16     Beste:        	Wit=1      	Zwart=3} 1/2-1/2

[Event "3rd Manaus Open 2024"]
[Site "Manaus"]
[Date "2024.10.14"]
[Round "4.5"]
[White "Perdomo, Leandro"]
[Black "Rodriguez Vila, Andres"]
[Result "1-0"]
[WhiteElo "2356"]
[BlackElo "2419"]
[Annotator "RC"]
[PlyCount "66"]
[EventDate "2024.10.05"]
[EventType "swiss"]
[EventCountry "BRA"]
[SourceTitle "playchess.com"]
[Source "ChessBase"]
[SourceQuality "1"]
[TimeControl "5400+30"]

1. d4 {[%emt 0:00:03]} g6 {[%emt 0:00:51]} 2. e4 {[%emt 0:01:51]} Bg7 {[%emt 0:00:15]} 3. c4 {[%emt 0:00:47]} c5 {[%emt 0:00:26]} 4. d5 {[%emt 0:00:12]} d6 {[%emt 0:00:21]} 5. Nf3 {[%emt 0:02:03]} Bg4 {[%emt 0:01:06]} 6. Be2 {[%emt 0:05:35]} e5 {[%emt 0:02:10]} 7. Nc3 {[%emt 0:01:07]} Ne7 {[%emt 0:00:19]} 8. h4 {[%emt 0:05:01]} Nd7 {[%emt 0:02:12]} 9. Be3 {[%emt 0:06:54]} h6 {[%emt 0:00:07]} 10. Nd2 {[%emt 0:07:26]} Bxe2 {[%emt 0:00:11]} 11. Qxe2 {[%emt 0:00:03]} f5 {[%emt 0:02:09]} 12. f3 {[%emt 0:05:26]} f4 {[%emt 0:01:08]} 13. Bf2 O-O {[%emt 0:01:25]} 14. a3 {[%emt 0:04:30]} Kh7 {[%emt 0:03:05]} 15. b4 {[%emt 0:04:20]} b6 {[%emt 0:00:35]} 16. Kd1 {[%emt 0:12:51]} Ng8 {[%emt 0:02:11]} 17. h5 {[%emt 0:04:05]} gxh5 {[%emt 0:02:45]} 18. Rxh5 {[%emt 0:00:26]} Ngf6 {[%emt 0:01:26]} 19. Rh2 {[%emt 0:02:44]} cxb4 {[%emt 0:01:27]} 20. axb4 {[%emt 0:00:12]} a5 {[%emt 0:00:11]} 21. b5 {[%emt 0:08:55]} Rg8 {[%emt 0:02:11]} 22. Nf1 {[%emt 0:03:01]} Rc8 {[%emt 0:02:14]} 23. Na4 {[%emt 0:01:33]} Qc7 {[%emt 0:01:35]} 24. Rc1 {[%emt 0:00:27]} Nc5 {[%emt 0:00:42]} 25. Nxc5 {[%emt 0:01:43]} dxc5 {[%emt 0:00:36]} 26. g4 {[%emt 0:00:49]} fxg3 {[%emt 0:00:24]} 27. Nxg3 {[%emt 0:00:04]} Ne8 {[%emt 0:00:08]} 28. Be3 {[%emt 0:04:49]} Nd6 {[%emt 0:08:04]} 29. Qd2 {[%emt 0:00:55]} Qf7 {[%emt 0:02:13]} 30. Bxh6 {[%emt 0:06:25]} Qxf3+ {[%emt 0:17:50]} 31. Kc2 {[%emt 0:00:03]} Rh8 {[%emt 0:09:56]} 32. Qg5 {[%emt 0:02:57]} Qxg3 {[%emt 0:00:22]} 33. Qxg3 {[%emt 0:09:43]} Rhg8 {[%emt 0:36:25]} 1-0

[Event "3rd Manaus Open 2024"]
[Site "Manaus"]
[Date "2024.10.14"]
[Round "4.6"]
[White "Casalaspro, Mathias Andre"]
[Black "Fier, Alexandr"]
[Result "1/2-1/2"]
[WhiteElo "2187"]
[BlackElo "2539"]
[Annotator "RC"]
[PlyCount "106"]
[EventDate "2024.10.05"]
[EventType "swiss"]
[EventCountry "BRA"]
[SourceTitle "playchess.com"]
[Source "ChessBase"]
[SourceQuality "1"]
[TimeControl "5400+30"]

1. e4 {[%emt 0:00:13]} c5 {[%emt 0:00:28]} 2. Nf3 {[%emt 0:00:40]} Nc6 {[%emt 0:00:05]} 3. Bb5 {[%emt 0:00:32]} g6 {[%emt 0:00:25]} 4. O-O {[%emt 0:00:32]} Bg7 {[%emt 0:00:03]} 5. Re1 {[%emt 0:00:33]} e5 {[%emt 0:00:29]} 6. Bxc6 {[%emt 0:02:56]} dxc6 {[%emt 0:00:11]} 7. d3 {[%emt 0:00:20]} Qc7 {[%emt 0:04:00]} 8. a4 {[%emt 1:28:44]} a5 {[%emt 0:00:23]} 9. Na3 {[%emt 0:00:00]} Nf6 {[%emt 0:01:43]} 10. Nc4 {[%emt 0:00:00]} Nd7 {[%emt 0:00:06]} 11. b3 {[%emt 0:00:00]} Nf8 {[%emt 0:02:07]} 12. Bb2 {[%emt 0:00:00]} f6 {[%emt 0:00:07]} 13. h3 {[%emt 0:00:00]} Ne6 {[%emt 0:00:12]} 14. c3 {[%emt 0:00:00]} O-O 15. g3 {[%emt 0:00:00]} Bd7 {[%emt 0:18:11]} 16. h4 {[%emt 0:00:00]} Rad8 {[%emt 0:08:12]} 17. Qe2 {[%emt 0:00:00]} Be8 {[%emt 0:00:25]} 18. Qe3 {[%emt 0:00:00]} b6 {[%emt 0:02:52]} 19. d4 {[%emt 0:00:00]} cxd4 {[%emt 0:00:42]} 20. cxd4 {[%emt 0:00:00]} exd4 {[%emt 0:00:03]} 21. Nxd4 {[%emt 0:00:00]} Nxd4 {[%emt 0:00:03]} 22. Bxd4 {[%emt 0:00:00]} c5 {[%emt 0:00:02]} 23. Bc3 {[%emt 0:00:00]} Bc6 {[%emt 0:02:26]} 24. Qf4 {[%emt 0:00:00]} Qxf4 {[%emt 0:04:53]} 25. gxf4 {[%emt 0:00:00]} Rd3 {[%emt 0:03:29]} 26. Re3 {[%emt 0:00:00]} Rfd8 {[%emt 0:00:16]} 27. Rae1 {[%emt 0:00:00]} Rxe3 {[%emt 0:02:09]} 28. Rxe3 {[%emt 0:00:00]} Bh6 {[%emt 0:00:12]} 29. Bxf6 {[%emt 0:00:00]} Rd1+ {[%emt 0:00:31]} 30. Kg2 {[%emt 0:00:00]} Bxf4 {[%emt 0:00:05]} 31. Re2 {[%emt 0:00:00]} Bc7 {[%emt 0:01:05]} 32. f3 {[%emt 0:00:00]} Kf7 {[%emt 0:04:09]} 33. Be5 {[%emt 0:00:00]} Bd8 {[%emt 0:00:03]} 34. Bc3 {[%emt 0:00:00]} Ke8 {[%emt 0:07:17]} 35. Rd2 {[%emt 0:01:27]} Rb1 {[%emt 0:01:13]} 36. Bb2 {[%emt 0:03:26]} Bxh4 {[%emt 0:01:49]} 37. Nxb6 {[%emt 0:03:14]} g5 {[%emt 0:00:10]} 38. Nc4 {[%emt 0:01:15]} g4 {[%emt 0:00:02]} 39. Ne5 {[%emt 0:00:24]} gxf3+ {[%emt 0:00:33]} 40. Kxf3 {[%emt 0:00:21]} Bb7 {[%emt 0:00:33]} 41. Nc4 {[%emt 0:00:26]} Ba8 {[%emt 0:05:24]} 42. Rh2 {[%emt 0:03:12]} Rf1+ {[%emt 0:00:11]} 43. Ke2 {[%emt 0:01:05]} Rf4 {[%emt 0:00:04]} 44. Nd6+ {[%emt 0:00:40]} Kd7 {[%emt 0:00:08]} 45. Be5 {[%emt 0:00:22]} Rg4 {[%emt 0:00:02]} 46. Kf3 {[%emt 0:00:30]} h5 {[%emt 0:00:02]} 47. Bf4 {[%emt 0:00:39]} Bd8 {[%emt 0:03:49]} 48. Nf7 {[%emt 0:01:09]} Bc7 {[%emt 0:03:09]} 49. Bxc7 {[%emt 0:00:50]} Rxe4 {[%emt 0:00:04]} 50. Bf4 {[%emt 0:00:30]} Re7+ {[%emt 0:00:11]} 51. Kg3 {[%emt 0:00:09]} Rxf7 {[%emt 0:00:22]} 52. Rxh5 {[%emt 0:00:08]} Rg7+ {[%emt 0:00:02]} 53. Rg5 {[%emt 0:00:47]} Rxg5+ {[%emt 0:00:06]} 1/2-1/2

[Event "3rd Manaus Open 2024"]
[Site "Manaus"]
[Date "2024.10.14"]
[Round "4.7"]
[White "Cueto, Jonny"]
[Black "Santiago, Yago De Moura"]
[Result "0-1"]
[WhiteElo "2099"]
[BlackElo "2460"]
[Annotator "TA"]
[PlyCount "112"]
[EventDate "2024.10.05"]
[EventType "swiss"]
[EventCountry "BRA"]
[SourceTitle "playchess.com"]
[Source "ChessBase"]
[SourceQuality "1"]
[TimeControl "5400+30"]

{[%evp 9,112,0,-18,-7,2,-16,-15,-21,-5,5,-11,-90,-57,-120,-12,-87,-70,-192,-217,-205,-204,-187,-185,-207,-106,-182,-196,-308,-299,-308,-311,-309,-331,-319,-321,-330,-295,-330,-319,-333,-330,-322,-314,-321,-300,-324,-294,-318,-310,-296,-320,-330,-319,-316,-271,-266,-266,-529,-540,-540,-523,-485,-459,-524,-466,-468,-468,-468,-319,-1996,-1995,-1879,-1409,-4727,-4727,-4727,-4727,-4713,-4727,-4828,-3930,-4713,-4713,-6532,-14792,-14792,-14792,-6537,-6685,-5071,-5436,-29965,-29965,-6570,-7129,-29967,-29970,-29973,-29973,-29980,-29981,-29980,-29981,-29979,-29979]} 1. b3 {[%emt 0:05:28]} d5 {[%emt 0:00:52]} 2. Bb2 {[%emt 0:00:05]} e6 {[%emt 0:00:37]} 3. f4 {[%emt 0:00:14]} Nf6 {[%emt 0:00:48]} 4. Nf3 {[%emt 0:00:13]} a5 {[%emt 0:00:08]} 5. a3 {[%emt 0:00:16]} a4 {[%emt 0:01:22]} 6. b4 {[%emt 0:00:31] A01: Nimzowitsch-Larsen Opening.} c5 {[%emt 0:00:07] Beste (Gemakkelijk)} 7. bxc5 $146 {[%emt 0:00:13][%cal Oc2c4]} ({Predecessor:} 7. e3 Qb6 8. Nc3 Bd7 9. Ne5 d4 10. exd4 cxb4 11. Nxd7 Nbxd7 12. Nb5 Ra5 13. Qe2 {1-0 Khalikian,O-Katalymov,B (2415) Yerevan 1977 (11)}) 7... Bxc5 {[%emt 0:00:10]} 8. e3 {[%emt 0:00:07] OK. De stelling is in evenwicht.} Nc6 {[%emt 0:02:00] OK} 9. Bb5 {[%emt 0:04:16] OK} O-O {[%emt 0:05:00] OK} 10. Nc3 {[%emt 0:03:56] Fout (0.8)} (10. Qe2 $11) 10... Qb6 $17 {[%emt 1:24:26] Beste (Gemakkelijk)} 11. d4 {[%emt 0:04:47] Beste} Bd6 {[%emt 0:00:00] Fout (1.1)} (11... Be7 $17 {Dreigt te winnen met ...Ra5.} 12. O-O Ne4) 12. Rb1 {[%emt 0:04:11] [#] blijft gelijk. Fout (0.8)} (12. O-O $1 $11) 12... Ne4 $1 {[%emt 0:00:00][%cal Od6a3] Sterk} {Beter is} 13. Nxe4 {[%emt 0:20:57] Fout (1.2)} (13. O-O $15) 13... dxe4 $19 {[%emt 0:00:00]} 14. Bxc6 {[%emt 0:00:01] OK} Qxc6 {[%emt 0:00:00]} (14... bxc6 15. Bc3 Qd8 16. Ne5) 15. Nd2 {[%emt 0:00:04] OK} b5 {[%emt 0:00:00] OK} 16. O-O {[%emt 0:01:40] OK} {Zwart zou moeten proberen} Qd5 {[%emt 0:00:00] Fout (1.0)} (16... Ba6 $19 {Wit moet nu ...b4 voorkomen.} 17. Rf2 Rac8) 17. c4 {[%emt 0:12:28] was de enige verdediging. Fout (0.8)} bxc4 {[%emt 0:00:00][%cal Oc4c3] Beste (Gemakkelijk)} 18. Qc2 {[%emt 0:00:01] [#] is een betere verdediging. Fout (1.1)} (18. Bc3) 18... c3 $1 {[%emt 0:00:00][%mdl 512] OK} 19. Bxc3 {[%emt 0:00:01] OK} Ba6 {[%emt 0:00:00] OK} (19... Bxa3 20. Ra1 Be7 21. Rxa4 $17) 20. Nxe4 {[%emt 0:00:12] OK} Bxf1 {[%emt 0:00:00] OK} ({Minder sterk is} 20... Bxa3 21. Ng5 f5 22. Rfe1 $19) 21. Nxd6 {[%emt 0:00:14] OK} Bxg2 {[%emt 0:00:00] OK} (21... Qxd6 22. Bb4 Qa6 23. Rxf1 $17 (23. Bxf8 $2 {te hebberig.} Bd3 $19)) 22. Qxg2 {[%emt 0:00:28]} Qxd6 {[%emt 0:00:00] OK} 23. Bb4 {[%emt 0:00:03]} Rab8 {[%emt 0:00:00]} 24. Ra1 {[%emt 0:09:29] OK} ({Natuurlijk niet} 24. Bxd6 Rxb1+ 25. Kf2 Rb2+ 26. Kg3 Rxg2+ 27. Kxg2 Rd8) 24... Rxb4 {[%emt 0:00:00] OK} 25. axb4 {[%emt 0:00:02]} Qxb4 {[%emt 0:00:00][%mdl 4096] Eindspel. KQR-KQR} 26. Qc2 {[%emt 0:00:01]} Qb3 {[%emt 0:00:00] OK} 27. Qxb3 {[%emt 0:01:09]} axb3 {[%emt 0:00:00] KR-KR} 28. Rb1 {[%emt 0:00:00]} Rb8 {[%emt 0:00:00] OK} 29. Rb2 {[%emt 0:00:53]} f5 {[%emt 0:00:00] OK} 30. Kf2 {[%emt 0:01:10] OK} Kf7 {[%emt 0:00:00] OK} 31. Ke2 {[%emt 0:00:05] [#] OK} g5 $1 {[%emt 0:00:00][%mdl 512] OK} 32. fxg5 {[%emt 0:01:41] OK} Kg6 {[%emt 0:00:00] Beste (Gemakkelijk)} 33. h4 $2 {[%emt 0:01:48] Zal wellicht voordeliger blijken. Fout (2.6)} (33. Kd1) 33... Kh5 {[%emt 0:00:00] Beste (Gemakkelijk)} 34. Kf3 {[%emt 0:00:11] OK} Kxh4 {[%emt 0:00:00] OK} 35. Kf4 {[%emt 0:00:02] OK} Kh3 {[%emt 0:07:30] Ontwijkt Rh2+} 36. d5 {[%emt 0:06:51]} exd5 {[%emt 0:00:15]} 37. Kxf5 {[%emt 0:00:10] Beste} Kg3 {[%emt 0:01:22] ...Kf3 is de sterke dreiging. OK} 38. Ke5 {[%emt 0:00:33] Beste} Rb5 {[%emt 0:03:13] Sterke dreiging met ...Kg4. OK} 39. Kd6 $2 {[%emt 0:05:02] Fout (16.8)} (39. Kd4) 39... Kf3 {[%emt 0:00:16] Beste} 40. Kc6 {[%emt 0:00:01] OK} Rb8 {[%emt 0:00:08]} 41. Kxd5 {[%emt 0:00:05]} Kxe3 {[%emt 0:00:05]} 42. Kc4 {[%emt 0:01:34]} Kf4 {[%emt 0:00:07]} 43. Kc3 {[%emt 0:00:59]} Kxg5 {[%emt 0:00:08]} 44. Rg2+ {[%emt 0:00:12]} Kf4 {[%emt 0:00:06][%cal Ob3b2]} 45. Kb2 {[%emt 0:00:09]} h5 {[%emt 0:00:08]} 46. Rg7 {[%emt 0:01:03]} h4 {[%emt 0:00:25]} 47. Rf7+ {[%emt 0:00:03]} Kg3 {[%emt 0:00:13]} 48. Rg7+ {[%emt 0:00:00]} Kh2 {[%emt 0:00:08]} 49. Rg4 {[%emt 0:00:23]} h3 {[%emt 0:00:07]} 50. Rg7 {[%emt 0:00:06]} Kh1 {[%emt 0:00:30]} 51. Rg3 {[%emt 0:00:05]} h2 {[%emt 0:00:08] ( -> ...Rf8)} 52. Rg7 {[%emt 0:00:10]} Rf8 {[%emt 0:00:10] Zwart zet mat.} 53. Kxb3 {[%emt 0:00:03]} Rf1 {[%emt 0:00:14]} 54. Kc2 {[%emt 0:00:30]} Rg1 {[%emt 0:00:08]} 55. Rh7 {[%emt 0:01:24]} Kg2 {[%emt 0:00:06]} 56. Rg7+ {[%emt 0:00:05]} Kf3 {[%emt 0:00:05] Blunder waarde: Wit=0.71/Zwart=0.10 (erg precies) .  Fout:        	Wit=7      	Zwart=2      OK:         	Wit=15     	Zwart=17     Beste:        	Wit=3      	Zwart=6      Sterk:        	---       	Zwart=1} 0-1

[Event "3rd Manaus Open 2024"]
[Site "Manaus"]
[Date "2024.10.14"]
[Round "4.8"]
[White "Zanette, Edgard Vinicius"]
[Black "Cubas, Jose Fernando"]
[Result "0-1"]
[WhiteElo "2064"]
[BlackElo "2412"]
[Annotator "RC"]
[PlyCount "60"]
[EventDate "2024.10.05"]
[EventType "swiss"]
[EventCountry "BRA"]
[SourceTitle "playchess.com"]
[Source "ChessBase"]
[SourceQuality "1"]
[TimeControl "5400+30"]

1. d4 {[%emt 0:00:05]} d5 {[%emt 0:02:23]} 2. Bf4 {[%emt 0:00:16]} Nf6 {[%emt 0:00:37]} 3. Nc3 {[%emt 0:00:16]} e6 {[%emt 0:01:43]} 4. e3 {[%emt 0:00:42]} a6 {[%emt 0:02:04]} 5. a3 {[%emt 0:07:24]} Bd6 {[%emt 0:01:40]} 6. Nf3 {[%emt 0:00:17]} Bxf4 {[%emt 0:02:30]} 7. exf4 {[%emt 0:00:10]} Qd6 {[%emt 0:00:03]} 8. Ne5 {[%emt 0:05:20]} c5 {[%emt 0:00:06]} 9. dxc5 {[%emt 0:00:41]} Qxc5 {[%emt 0:00:05]} 10. Bd3 {[%emt 0:02:47]} Nc6 {[%emt 0:02:57]} 11. Nxc6 {[%emt 0:06:08]} bxc6 {[%emt 0:01:14]} 12. O-O {[%emt 0:00:18]} Qd6 {[%emt 0:01:55]} 13. Qf3 {[%emt 0:04:39]} O-O {[%emt 0:02:34]} 14. Rfe1 {[%emt 0:00:38]} Rb8 {[%emt 0:01:09]} 15. g4 {[%emt 0:03:46]} g6 {[%emt 0:01:17]} 16. b4 {[%emt 0:04:46]} c5 {[%emt 0:00:55]} 17. bxc5 {[%emt 0:00:21]} Qxc5 {[%emt 0:00:05]} 18. Ne2 {[%emt 0:00:21]} Ne4 {[%emt 0:14:09]} 19. Qe3 {[%emt 0:00:59]} Qc7 {[%emt 0:02:13]} 20. Nd4 {[%emt 1:00:36]} a5 {[%emt 0:10:00]} 21. Rab1 {[%emt 0:00:00]} Bd7 {[%emt 0:09:44]} 22. Bxe4 {[%emt 0:00:00]} dxe4 {[%emt 0:00:06]} 23. Qxe4 {[%emt 0:00:00]} Rxb1 {[%emt 0:02:56]} 24. Rxb1 {[%emt 0:00:00]} Qc4 {[%emt 0:00:24]} 25. g5 {[%emt 0:00:00]} Rd8 {[%emt 0:00:42]} 26. Rb3 {[%emt 0:00:00]} Ba4 {[%emt 0:03:05]} 27. Rd3 {[%emt 0:00:00]} Bxc2 {[%emt 0:01:00]} 28. Nxe6 {[%emt 0:00:00]} Qxd3 {[%emt 0:00:20]} 29. Qe5 {[%emt 0:00:00]} Qd1+ {[%emt 0:00:12]} 30. Kg2 {[%emt 0:00:00]} Qg4+ {[%emt 0:00:17]} 0-1